01664nam a22003858a 4500999001700000001001000017003000900027005001700036008004100053020002500094020002200119040004100141082002200182245008600204250002300290264005200313300004500365336002600410337002800436338002700464490005200491500002800543504005100571650007500622650007500697650004600772650008000818650008000898651001000978653002600988655002401014700004401038942002601082952017001108 c18924d18896016035400EG-ScBUE20210308091437.0120220r20122008xxkbf f b f001 0 eng d a9781107629196 (pbk.) a1107629195 (pbk.) aStDuBDSbengerdacStDuBDSdEG-ScBUE04a820.9145bCAM22204aThe Cambridge history of English romantic literature /cedited by James Chandler. aReprinted edition. 1aCambridge :bCambridge University Press,c2012. axii, 782 pages :bmaps, plates ;c23 cm. 2rdacontentatextbtxt 2rdamediaaunmediatedbn 2rdacarrieravolumebnc0 aThe new Cambridge history of English literature aReprint of the 2008 ed. aIncludes bibliographical references and index. 7aEnglish literaturey19th centuryxHistory and criticism.2BUEsh929947 7aEnglish literaturey18th centuryxHistory and criticism.2BUEsh937269 7aRomanticismzGreat Britain.2BUEsh937298 7aLiterature and societyzGreat BritainxHistoryy19th century.2BUEsh937296 7aLiterature and societyzGreat BritainxHistoryy18th century.2BUEsh937270 2BUEsh cJanuary2015bHHUUEENN vReading book9342321 aChandler, James,d1948-eeditor.937297 2ddck820.9145 CAMcBB 00102ddc40708BaccahaMAINbMAINc2NDd2015-01-21epurchaseg306.00h21291l2m2o820.9145 CAMp000037348r2025-07-15 00:00:00s2022-10-12v383.00w2015-01-21yBB